000 00356nam a2200145Ia 4500
008 230917s9999||||xx |||||||||||||| ||und||
040 _e109768
_aMAIN
041 _aEnglish
082 _a621 S64T
100 _aSinghal, Anil
245 0 _aTextbook of Engineering Physics
260 _aRohtak
_bIcon Publications
_c2004
300 _a176 p.
942 _cBK
999 _c130143
_d130143